The imperfect disciple. (Record no. 3614)

MARC details
000 -LEADER
fixed length control field 00628nam a22002291 4500
001 - CONTROL NUMBER
control field 3121462
003 - CONTROL NUMBER IDENTIFIER
control field GBCCL
005 - DATE AND TIME OF LATEST TRANSACTION
control field 20241126110458.0
008 - FIXED-LENGTH DATA ELEMENTS--GENERAL INFORMATION
fixed length control field 700928s1968 tnu b 000 0 eng
010 ## -
-- 68020686
040 ## - CATALOGING SOURCE
Original cataloging agency DLC
Transcribing agency DLC
Modifying agency DLC
050 00 -
-- BV4501.2
-- .S66
082 00 - DEWEY DECIMAL CLASSIFICATION NUMBER
Classification number 248.486
Item number SOU
100 1# - MAIN ENTRY--PERSONAL NAME
Personal name Southard, Samuel.
9 (RLIN) 7046
245 14 - TITLE STATEMENT
Title The imperfect disciple.
260 ## - PUBLICATION, DISTRIBUTION, ETC.
Place of publication, distribution, etc. Nashville,
Name of publisher, distributor, etc. Broadman Press,
Date of publication, distribution, etc. [1968]
300 ## - PHYSICAL DESCRIPTION
Extent 127 p.
Dimensions 20 cm.
504 ## - BIBLIOGRAPHY, ETC. NOTE
Bibliography, etc. note Bibliography: p. 127.
650 #0 - SUBJECT ADDED ENTRY--TOPICAL TERM
Topical term or geographic name entry element Christian life
General subdivision Baptist authors.
9 (RLIN) 223
906 ## - LOCAL DATA ELEMENT F, LDF (RLIN)
a 7
b cbc
c orignew
d u
e ncip
f 19
g y-gencatlg
942 ## - ADDED ENTRY ELEMENTS (KOHA)
Source of classification or shelving scheme Dewey Decimal Classification
Koha item type Books
Holdings
Withdrawn status Lost status Source of classification or shelving scheme Damaged status Not for loan Home library Current Library Shelving location Date acquired Total checkouts Full call number Barcode Date last seen Copy number Price effective from Koha item type
    Dewey Decimal Classification     GRACE BIBLE COLLEGE GRACE BIBLE COLLEGE Ministry & Mission 2017-11-30   248.486 SOU 008264 2025-05-01 c.1 2017-11-30 Books
© Grace Bible College Library 2025